LORD OF THE RINGS (Record no. 11752)

MARC details
000 -LEADER
fixed length control field 00340nam a2200145Ia 4500
008 - FIXED-LENGTH DATA ELEMENTS--GENERAL INFORMATION
fixed length control field 240624s9999 xx 000 0 und d
041 ## - LANGUAGE CODE
Language code of text/sound track or separate title eng
082 ## - DEWEY DECIMAL CLASSIFICATION NUMBER
Classification number 823 TOL
100 ## - MAIN ENTRY--PERSONAL NAME
Personal name TOLKIEN J R R
245 ## - TITLE STATEMENT
Title LORD OF THE RINGS
260 ## - PUBLICATION, DISTRIBUTION, ETC.
Date of publication, distribution, etc. 1994
Place of publication, distribution, etc. Boston
Name of publisher, distributor, etc. Houghton Mifflin
300 ## - PHYSICAL DESCRIPTION
Extent 398 : p. : cm. ; 22
365 ## - TRADE PRICE
Currency code RS
Price amount 20
440 ## - SERIES STATEMENT/ADDED ENTRY--TITLE
Volume/sequential designation 3
Holdings
Withdrawn status Lost status Damaged status Not for loan Home library Current library Shelving location Date acquired Source of acquisition Cost, normal purchase price Total Holds Full call number Barcode Date last seen Copy number Price effective from Koha item type
        IMTN IMTN Rack 41-A 11/18/2008 WBD 1250.00 538 823 TOL 11752 06/24/2024 1 06/24/2024 Books
Designed & Maintained by: LRC IMT Nagpur Contact: lrc@imtnag.ac.in© 2024. All Rights Reserved.